000 00901cam a22002777a 4500
003 CHAP
005 20220329140210.0
008 971013s1978 r 00010 d
010 _a48465
011 _a49437
035 _a53585
040 _cCHAP
082 _a599.884
_bR5
100 0 0 _aRijksen, H. D. C.
_997421
245 1 2 _aA fieldstudy on sumatran oraguntans (Pongo pygfmaeus Abelii Lesson 1827) ecology, behaviour and conservation
260 _aWageningen :
_bVeenman & Zonen,
_c1978
300 _a420 p.
_b: ilus.
490 0 _aMededelingen Landbouwhogeschool
_v; 78-2
590 _aBATCH-UPD
_b10
_c20130110
_lUCH01
_h2120
590 _aCONVERSION
_b10
_c20130109
_lUCH01
_h1326
650 1 4 _aOrangutanes.
_983396
830 0 _aMededelingen Landbouwhogeschool
_v; 78-2
_973858
901 _aBK
942 _cLIBRO
949 _a599.884 R5
_bBC
_cLIBRO
_d33724000365235
_eLIBRO
_h43651
_i53585
_si
999 _c48465
_d48465